000
00322nam a2200133Ia 4500
008
240624s9999 xx 000 0 und d
041
_a
eng
082
_a
658.404 WYS
100
_a
WYSOCKI ROBERT K
245
_a
EFFECTIVE PROJECT MANAGEMENT
250
_a
(7th ed.)
260
_c
2014
_a
New Delhi
_b
Wiley
365
_c
RS
_b
33
999
_c
26336
_d
26336